Differential equations and their applications : (Record no. 7058)
[ view plain ]
| 000 -LEADER | |
|---|---|
| fixed length control field | 00831nam a22002291a 4500 |
| 001 - CONTROL NUMBER | |
| control field | 7058 |
| 003 - CONTROL NUMBER IDENTIFIER | |
| rucl marc code | BD-RjUL |
| 005 - DATE AND TIME OF LATEST TRANSACTION | |
| control field | 20211208234347.0 |
| 008 - FIXED-LENGTH DATA ELEMENTS--GENERAL INFORMATION | |
| fixed length control field | 14 s1963 cs a b 100 0 eng d |
| 035 ## - SYSTEM CONTROL NUMBER | |
| System control number | (BD-RjUL) |
| System control number | (BD-RjUL) |
| 040 ## - CATALOGING SOURCE | |
| Original cataloging agency | CStRLIN |
| Language of cataloging | eng |
| Modifying agency | ANL |
| -- | BD-RjUL |
| Transcribing agency | BD-RjUL |
| 041 ## - LANGUAGE CODE | |
| Language code of text/sound track or separate title | eng |
| 082 04 - DEWEY DECIMAL CLASSIFICATION NUMBER | |
| Edition number | 16 |
| Classification number | 517.38 |
| Author mark and year | DIF 1963 |
| 245 10 - TITLE STATEMENT | |
| Title | Differential equations and their applications : |
| Remainder of title | proceedings of a conference held in Prague, September, (1962) / |
| 260 0# - PUBLICATION, DISTRIBUTION, ETC. (IMPRINT) | |
| Place of publication, distribution, etc. | Prague : |
| Name of publisher, distributor, etc. | Publishing House of the Czechoslovak Academy of Sciences, |
| Date of publication, distribution, etc. | 1963. |
| 300 ## - PHYSICAL DESCRIPTION | |
| Pagination | 247 p. : |
| Illustrations | ill. ; |
| Size | 24 cm. |
| 650 1# - SUBJECT ADDED ENTRY--TOPICAL TERM | |
| Topical term or geographic name as entry element | Ecuaciones Diferenciales -- Congresos. |
| 9 (RLIN) | 22110 |
| 700 1# - ADDED ENTRY--PERSONAL NAME | |
| Personal name | Babuska, Ivo. |
| 711 20 - ADDED ENTRY--MEETING NAME | |
| Meeting name or jurisdiction name as entry element | Czechoslovak Conference on Differential Equations and Their Applications, |
| Location of meeting | Prague, |
| Date of meeting | 1962. |
| 9 (RLIN) | 22133 |
| 942 ## - ADDED ENTRY ELEMENTS (KOHA) | |
| Source of classification or shelving scheme | Dewey Decimal Classification |
| Koha item type | Books |
| Lost status | Source of classification or shelving scheme | Damaged status | Not for loan | Collection code | Permanent Location | Current Location | Shelving location | Date acquired | Source of acquisition | Cost, normal purchase price | Total Checkouts | Full call number | Date last seen | Copy number | Koha item type |
|---|---|---|---|---|---|---|---|---|---|---|---|---|---|---|---|
| Dewey Decimal Classification | Not For Loan | Non-fiction | Central Library, University of Rajshahi | Central Library, University of Rajshahi | 18/04/1968 | Swets & Zeitlinger. | 95.00 | 517.38 DIF 1963 | 13/01/2014 | C-1 | Books |